000 00330nam a22001337a 4500
008 170707b xxu||||| |||| 00| 0 eng d
020 _a9781860641282
041 _aeng
080 _a94
100 _a18
101 _aSHH
245 _aIRAN AFTER N THE REVOLUTION CRISIS AN ISLAMIC STATE
_cRAHNEMA.S
942 _2udc
_cBK
999 _c20022
_d20022